Normal view
MARC view
- SINGHLA.S
Entry Personal Name
001 - CONTROL NUMBER
- control field: 4779
003 - CONTROL NUMBER IDENTIFIER
- control field: OSt
005 - DATE AND TIME OF LATEST TRANSACTION
- control field: 20180112113623.0
008 - FIXED-LENGTH DATA ELEMENTS
- fixed length control field: 180112|| aca||aabn | a|a d
040 ## - CATALOGING SOURCE
- Original cataloging agency: OSt
100 ## - HEADING--PERSONAL NAME
- Personal name: SINGHLA.S